| 000 | 01054nam a2200301 a 4500 | ||
|---|---|---|---|
| 003 | AR-BaBNM | ||
| 005 | 20251128210718.0 | ||
| 008 | 082120s2002 ||||||||||||||000 | spa|| | ||
| 020 | _a987-500-031-0 | ||
| 040 | _cAR-BaBNM | ||
| 100 | 1 | _aBarell, John | |
| 245 | 0 | 0 |
_aEl aprendizaje basado en problemas _bun enfoque investigativo |
| 260 |
_aBuenos Aires _bManantial _c1999 |
||
| 300 |
_a268 p. _btablas, gráfs. |
||
| 490 | 0 | _aBiblioteca del docente | |
| 500 | _aTirada especial para la Red Federal de Formación Docente Continua, Ministerio de Cultura y Educación de la Nación | ||
| 500 | _aContiene referencias bibliográficas e índice analítico | ||
| 500 | _aContiene apéndice con unidades de trabajo alternativas | ||
| 650 | 4 | _aMETODOS DE ENSEÑANZA | |
| 650 | 4 | _aPROCESO DE APRENDIZAJE | |
| 650 | 4 | _aINVESTIGACION EN LA CLASE | |
| 650 | 4 | _aINVESTIGACION REALIZADA POR LOS ALUMNOS | |
| 650 | 4 | _aROL DEL DOCENTE | |
| 650 | 4 | _aACTIVIDADES DE APRENDIZAJE | |
| 653 | _aESTRATEGIAS DIDACTICAS | ||
| 942 | _cBK | ||
| 998 | _cRAQUEL | ||
| 999 |
_c16562 _d16562 |
||